<?xml version="1.0" encoding="UTF-8"?>
<marc:record xmlns:marc="http://www.loc.gov/MARC21/slim">
   <marc:leader>00000nam a2200000 a 4500</marc:leader>
   <marc:datafield ind1="1" ind2=" " tag="100">
      <marc:subfield code="a">Safier, David</marc:subfield>
      <marc:subfield code="4">aut</marc:subfield>
      <marc:subfield code="e">Verfasser/-in</marc:subfield>
   </marc:datafield>
   <marc:datafield ind1="0" ind2="0" tag="245">
      <marc:subfield code="a">Miss Merkel - Mord unter dem Weihnachtsbaum</marc:subfield>
   </marc:datafield>
   <marc:datafield ind1="0" ind2="0" tag="245">
      <marc:subfield code="b">Roman</marc:subfield>
   </marc:datafield>
   <marc:datafield ind1="0" ind2="0" tag="245">
      <marc:subfield code="c">David Safier</marc:subfield>
   </marc:datafield>
   <marc:datafield ind1=" " ind2="1" tag="264">
      <marc:subfield code="a">Hamburg</marc:subfield>
      <marc:subfield code="b">Rowohlt</marc:subfield>
      <marc:subfield code="c">2025</marc:subfield>
   </marc:datafield>
   <marc:datafield ind1="1" ind2=" " tag="490">
      <marc:subfield code="a">Miss Merkel 5</marc:subfield>
   </marc:datafield>
   <marc:datafield ind1=" " ind2=" " tag="250">
      <marc:subfield code="a">1. Aufl.</marc:subfield>
   </marc:datafield>
   <marc:datafield ind1="1" ind2=" " tag="520">
      <marc:subfield code="a">«Da ist ein toter Weihnachtsmann in unserem Kamin» gehört zu den Sätzen, die man zum Heiligen Fest eher nicht hören will. Es sei denn, man ist Angela Merkel und freut sich über ungeklärte Todesfälle in der uckermärkischen Heimatstadt. Nach einem missglückten Urlaub mit den Obamas findet das Ehepaar Merkel bei ihrer Rückkehr an Heiligabend den besagten toten Weihnachtsmann in ihrem Fachwerkhäuschen vor. Bei dem Mann handelt es sich um einen professionell buchbaren Santa. Verdächtig sind vier konkurrierende Weihnachtsmänner und -frauen, die die Bewohner des beschaulichen Ortes ebenfalls mit Geschenken beglücken. Und einer von ihnen hält sich sogar für den echten Weihnachtsmann.</marc:subfield>
   </marc:datafield>
   <marc:datafield ind1=" " ind2=" " tag="020">
      <marc:subfield code="a">9783463406886</marc:subfield>
      <marc:subfield code="9">9783463406886</marc:subfield>
   </marc:datafield>
   <marc:datafield ind1=" " ind2=" " tag="020">
      <marc:subfield code="a">3463406888</marc:subfield>
      <marc:subfield code="9">3463406888</marc:subfield>
   </marc:datafield>
   <marc:datafield ind1=" " ind2=" " tag="300">
      <marc:subfield code="a">169 S.</marc:subfield>
   </marc:datafield>
</marc:record>
